[Event "GER-chT U12"]
[Site "Muenchen"]
[Date "2022.12.29"]
[Round "5"]
[White "Haug, Niklas Alexander"]
[Black "Wolff, Calvin"]
[Result "0-1"]
[WhiteElo "1041"]
[BlackElo "1429"]
[PlyCount "54"]
[EventDate "2022.12.26"]
[EventType "team-swiss"]
[EventRounds "7"]
[EventCountry "GER"]
[SourceTitle "CBM 212 Extra"]
[Source "ChessBase"]
[SourceDate "2023.03.31"]
[SourceVersion "1"]
[SourceVersionDate "2023.03.31"]
[SourceQuality "1"]
[WhiteTeam "Werder Bremen"]
[BlackTeam "Heilbronn"]
[WhiteTeamCountry "GER"]
[BlackTeamCountry "GER"]

1. e4 e5 2. Nf3 Nc6 3. Nc3 Nf6 4. Bc4 Bc5 5. d3 a6 6. 0-0 d6 7. Bg5 Bg4 8. Bxf6 gxf6 9. Nd5 Nd4 10. c3 Nxf3+ 11. gxf3 Bh3 12. Re1 Rg8+ 13. Kh1 Bg2+ 14. Kg1 Bxf3+ 15. Kf1 Bxd1 16. Raxd1 c6 17. Ne3 Bxe3 18. Rxe3 Qd7 19. b3 Qg4 20. Rg3 Qxd1+ 21. Kg2 Rxg3+ 22. hxg3 b5 23. d4 bxc4 24. dxe5 dxe5 25. bxc4 Rb8 26. c5 Rb1 27. c4 Qh1# 0-1